Library Logo

Pioneer International University Library Catalogue

CHOOSING THE PRESIDENT/ (Record no. 9894)

MARC details
000 -LEADER
fixed length control field 00391nam a22001457a 4500
003 - CONTROL NUMBER IDENTIFIER
control field OSt
005 - DATE AND TIME OF LATEST TRANSACTION
control field 20251208125042.0
008 - FIXED-LENGTH DATA ELEMENTS--GENERAL INFORMATION
fixed length control field 251208b |||||||| |||| 00| 0 eng d
040 ## - CATALOGING SOURCE
Transcribing agency LEAGUE OF WOMEN VOTERS
050 ## - LIBRARY OF CONGRESS CALL NUMBER
Classification number JK 528 .L43 1968
Item number .L43 1968
245 ## - TITLE STATEMENT
Title CHOOSING THE PRESIDENT/
250 ## - EDITION STATEMENT
Edition statement 1ST EDITION
260 ## - PUBLICATION, DISTRIBUTION, ETC.
Place of publication, distribution, etc. UNITED STATES:
Name of publisher, distributor, etc. LEAGUE OF WOMEN VOTERS,
Date of publication, distribution, etc. 1968
942 ## - ADDED ENTRY ELEMENTS (KOHA)
Source of classification or shelving scheme Library of Congress Classification
Koha item type Books
Suppress in OPAC No
Holdings
Withdrawn status Lost status Source of classification or shelving scheme Damaged status Not for loan Home library Current library Date acquired Total checkouts Barcode Date last seen Price effective from Koha item type
    Library of Congress Classification     PIU Library PIU Library 12/08/2025   PIUDL847 12/08/2025 12/08/2025 Books